LEADER 02518nam 22007453u 450 001 9910778032103321 005 20230721022312.0 010 $a1-60741-411-2 035 $a(CKB)1000000000786440 035 $a(EBL)3018508 035 $a(SSID)ssj0000130162 035 $a(PQKBManifestationID)11134399 035 $a(PQKBTitleCode)TC0000130162 035 $a(PQKBWorkID)10081084 035 $a(PQKB)11336312 035 $a(MiAaPQ)EBC3018508 035 $a(EXLCZ)991000000000786440 100 $a20151005d2009|||| u|| | 101 0 $aeng 135 $aur|n|---||||| 181 $ctxt 182 $cc 183 $acr 200 10$aControlled Structures with Electromechanical and Fiber-Optical Sensors$b[electronic resource] 210 $aNew York $cNova Science Publishers, Inc.$d2009 215 $a1 online resource (219 p.) 300 $aDescription based upon print version of record. 311 $a1-60692-486-9 606 $aElectromechanical devices 606 $aFlexible structures 606 $aOptical fiber detectors 606 $aSmart structures 606 $aStructural control (Engineering) -- Equipment and supplies 606 $aStructural control (Engineering)$xEquipment and supplies 606 $aOptical fiber detectors 606 $aElectromechanical devices 606 $aFlexible structures 606 $aSmart structures 606 $aCivil & Environmental Engineering$2HILCC 606 $aEngineering & Applied Sciences$2HILCC 606 $aCivil Engineering$2HILCC 615 4$aElectromechanical devices. 615 4$aFlexible structures. 615 4$aOptical fiber detectors. 615 4$aSmart structures. 615 4$aStructural control (Engineering) -- Equipment and supplies. 615 0$aStructural control (Engineering)$xEquipment and supplies 615 0$aOptical fiber detectors 615 0$aElectromechanical devices 615 0$aFlexible structures 615 0$aSmart structures 615 7$aCivil & Environmental Engineering 615 7$aEngineering & Applied Sciences 615 7$aCivil Engineering 676 $a624.1/71 700 $aMelashvili$b Yuri$01530827 701 $aLagundaridze$b Georgi$01530828 701 $aTsikarishvili$b Malkhaz$01530829 801 0$bAU-PeEL 801 1$bAU-PeEL 801 2$bAU-PeEL 906 $aBOOK 912 $a9910778032103321 996 $aControlled Structures with Electromechanical and Fiber-Optical Sensors$93776193 997 $aUNINA LEADER 02065nam 2200601 450 001 9910808609503321 005 20230422045349.0 010 $a1-281-08851-X 010 $a9786611088514 010 $a1-4081-0257-9 035 $a(CKB)1000000000482929 035 $a(EBL)320192 035 $a(OCoLC)289031220 035 $a(SSID)ssj0000102795 035 $a(PQKBManifestationID)11984759 035 $a(PQKBTitleCode)TC0000102795 035 $a(PQKBWorkID)10060413 035 $a(PQKB)11182663 035 $a(MiAaPQ)EBC320192 035 $a(Au-PeEL)EBL320192 035 $a(CaPaEBR)ebr10908906 035 $a(CaONFJC)MIL108851 035 $a(OCoLC)935264934 035 $a(EXLCZ)991000000000482929 100 $a20140826d2000 uy| 0 101 0 $aeng 135 $aur|n|---||||| 181 $ctxt 182 $cc 183 $acr 200 00$aAnagram solver /$fedited by John Daintith 205 $aSecond edition. 210 1$aLondon :$cA & C Black,$d2000. 215 $a1 online resource (719 p.) 300 $aDescription based upon print version of record. 311 $a0-7136-7510-1 327 $aCover; Titlepage; Copyright; Introduction; Two Letter Words; Three Letter Words; Four Letter Words; Five Letter Words; Six Letter Words; Seven Letter Words; Eight Letter Words; Nine Letter Words; Ten Letter Words; Eleven Letter Words; Twelve Letter Words; Thirteen Letter Words; Fourteen Letter Words; Fifteen Letter Words; Sixteen Letter Words; Appendix 330 $aAnagram Solver is the essential guide to cracking all types of quiz and crossword featuring anagrams. 606 $aAnagrams 606 $aCrossword puzzles 606 $aEnglish language$vGlossaries, vocabularies, etc 615 0$aAnagrams. 615 0$aCrossword puzzles. 615 0$aEnglish language 676 $a793.73203 702 $aDaintith$b John 801 0$bMiAaPQ 801 1$bMiAaPQ 801 2$bMiAaPQ 906 $aBOOK 912 $a9910808609503321 996 $aAnagram solver$94030594 997 $aUNINA LEADER 00834nam0 2200289 450 001 9910890300503321 005 20241010163724.0 010 $a9791256090235 100 $a20241010d2024----km y0itay50 ba 101 0 $aita 102 $aIT 105 $a 001yy 200 1 $aFlussi abbandoni e transiti$eantropologia tra retoriche forme di memoria e immaginario vernacolare in un'area del Materano$fMarina Berardi 210 $aBari$cPagina$d2024 215 $a324 p.$d20 cm 225 1 $aEtnografie$v18 454 0$12001 610 0 $aEtnografia 676 $a306$v22$zita 700 1$aBerardi,$bMarina$01769530 801 0$aIT$bUNINA$gREICAT$2UNIMARC 901 $aBK 912 $a9910890300503321 952 $a306 BER 4$b12146$fBFS 959 $aBFS 996 $aFlussi abbandoni e transiti$94241067 997 $aUNINA